000 00488nam a22001937a 4500
003 LK-CoDNM
005 20241223151558.0
008 241223b |||||||| |||| 00| 0 eng d
040 _aLK-CoDNM
_dLK-CoDNM
_eLK-CoDNM
041 _aeng
080 _a3
_bC21
100 _aF. Balfour-Browne
245 _aConcerning the habits of insects
260 _aCambridge
_bThe university press
_c1925
300 _bx, 169p. : ill ; 18 cm
650 _a1925
650 _aScience
942 _cBK
999 _c233969
_d233969